01633cam a2200385 a 4500999001700000001000800017003000900025005001700034008004100051020003300092020001800125040003800143043002100181082002300202100003300225245009200258264005900350264001000409300003400419336002600453337002800479338002700507504005100534650002100585651005900606651005900665653002600724655002400750856008900774856009000863856010400953906004501057942001201102952013301114 c28835d288062579674EG-ScBUE20200926130657.0960528t1998 nyub f b 001 0 eng d a0195078500 (cl : alk. paper) a9780195078503 aDLCbengerdacDLCdDLCdEG-ScBUE an-us---ae-ur---04a327.73047bPOW2221 aPowaski, Ronald E.,eauthor.14aThe Cold War :bthe United States and the Soviet Union, 1917-1991 /cRonald E. Powaski. 1aNew York ;aOxford :bOxford University Press,c[1998] 4cc1998 ax, 356 pages :bmaps ;c25 cm 2rdacontentatextbtxt 2rdamediaaunmediatedbn 2rdacarrieravolumebnc aIncludes bibliographical references and index. 7aCold War.2BUEsh 7aUnited StatesxForeign relationszSoviet Union.2BUEsh 7aSoviet UnionxForeign relationszUnited States.2BUEsh bBUSBOLcSeptember2020 vReading book934232423Publisher descriptionuhttp://www.loc.gov/catdir/enhancements/fy0604/96024691-d.html413Table of contents onlyuhttp://www.loc.gov/catdir/enhancements/fy0604/96024691-t.html423Contributor biographical informationuhttp://www.loc.gov/catdir/enhancements/fy0724/96024691-b.html a7bcbccorignewd1eocipf19gy-gencatlg 2ddccBB 00102ddc40708BaccahaMAINbMAINc1STd2020-09-26ePurchasel0o327.73047 POWp000049816r2025-07-15 00:00:00w2020-09-26yBB